Data structures and algorithms in C++ / (Record no. 582)

MARC details
000 -LEADER
fixed length control field 00667nam a22002177a 4500
005 - DATE AND TIME OF LATEST TRANSACTION
control field 20250420134817.0
008 - FIXED-LENGTH DATA ELEMENTS--GENERAL INFORMATION
fixed length control field 200810b ||||| |||| 00| 0 eng d
020 ## - INTERNATIONAL STANDARD BOOK NUMBER
International Standard Book Number 9781133613053
040 ## - CATALOGING SOURCE
Transcribing agency KCST
082 ## - DEWEY DECIMAL CLASSIFICATION NUMBER
Classification number 005.73
Item number Dr Da
100 ## - MAIN ENTRY--PERSONAL NAME
Personal name Drozdek, Adam
9 (RLIN) 4982
245 ## - TITLE STATEMENT
Title Data structures and algorithms in C++ /
Statement of responsibility, etc. Adam Drozdek
250 ## - EDITION STATEMENT
Edition statement 4th edition
Remainder of edition statement Int. edition
260 ## - PUBLICATION, DISTRIBUTION, ETC.
Place of publication, distribution, etc. Australia :
Name of publisher, distributor, etc. Cengage Learning,
Date of publication, distribution, etc. 2013.
300 ## - PHYSICAL DESCRIPTION
Extent xvi, 792 pages :
Other physical details illustrations ;
Dimensions 24 cm
650 ## - SUBJECT ADDED ENTRY--TOPICAL TERM
Topical term or geographic name entry element C++ (Computer program language)
9 (RLIN) 162
650 ## - SUBJECT ADDED ENTRY--TOPICAL TERM
Topical term or geographic name entry element Data structures (Computer science)
9 (RLIN) 363
650 ## - SUBJECT ADDED ENTRY--TOPICAL TERM
Topical term or geographic name entry element Computer algorithms.
9 (RLIN) 364
942 ## - ADDED ENTRY ELEMENTS (KOHA)
Koha item type Book
942 ## - ADDED ENTRY ELEMENTS (KOHA)
Source of classification or shelving scheme Dewey Decimal Classification
Holdings
Withdrawn status Lost status Source of classification or shelving scheme Damaged status Not for loan Home library Current library Date acquired Cost, normal purchase price Total checkouts Full call number Barcode Date last seen Price effective from Koha item type
    Dewey Decimal Classification     KCST Library KCST Library 10/08/2020 23.50   005.73 Dr Da 1000000646 10/08/2020 10/08/2020 Book
© 2025 KCST. All rights reserved